|
|
|
|
| LEADER |
00618nab a2200169 i 4500 |
| 001 |
misc72642 |
| 005 |
20231108154033.0 |
| 008 |
231108s1986 hu o 000 hun d |
| 022 |
|
|
|a 0133-025X
|
| 040 |
|
|
|a SZTE Miscellanea Repozitórium
|b hun
|
| 041 |
|
|
|a hun
|
| 245 |
0 |
3 |
|a In memoriam Szent-Györgyi Albert. Emlékülés Szegeden
|h [elektronikus dokumentum]
|
| 260 |
|
|
|a Délmagyarország Könyv- és Lapkiadó Kft.
|c 1986-12-16
|
| 300 |
|
|
|a 1
|
| 490 |
0 |
|
|a Délmagyarország
|v 76 No. 295
|
| 561 |
|
|
|a Szent-Györgyi Albertről szóló irodalom
|
| 856 |
4 |
0 |
|u http://misc.bibl.u-szeged.hu/72642/1/szgya_1986_003.pdf
|z Dokumentum-elérés
|